Folclor religioso chileno
Gardado en:
| Autor Principal: | |
|---|---|
| Formato: | Libro |
| Idioma: | Lingua castelá |
| Publicado: |
Santiago
Grijalbo
1998
|
| Edición: | 2a. ed |
| Subjects: | |
| Tags: |
Engadir etiqueta
Sen Etiquetas, Sexa o primeiro en etiquetar este rexistro!
|
MARC
| LEADER | 00000nam a2200000 a 4500 | ||
|---|---|---|---|
| 001 | UCH6326 | ||
| 003 | CL-VaPUC | ||
| 008 | 091109e19980000CL |||||||||||||||||spa|d | ||
| 020 | |a 9562580490 | ||
| 082 | 0 | 4 | |a 397.4 |b PLA |2 21 |
| 100 | 0 | |a Plath, Oreste |e author |9 330038 | |
| 245 | 1 | 0 | |a Folclor religioso chileno |
| 250 | |a 2a. ed | ||
| 300 | |a 225 p | ||
| 942 | |c BK | ||
| 945 | |d 20091109 00:00:00 |a lazolas | ||
| 260 | |a Santiago |b Grijalbo |c 1998 | ||
| 650 | 7 | |a FOLKLORE |2 CL-VaPUC |9 268291 | |
| 650 | 0 | |a Hermandad |9 496034 | |
| 650 | 0 | |a Cofradías |9 394710 | |
| 650 | 0 | |a Costumbres y tradiciones |9 268292 | |
| 650 | 0 | |a Cultura |9 269059 | |
| 650 | 7 | |a CONJUROS |2 CL-VaPUC |9 496035 | |
| 650 | 0 | |a Creencias |9 313510 | |
| 650 | 7 | |a MAGIA |2 CL-VaPUC |9 319651 | |
| 650 | 0 | |a Muerte |9 265114 | |
| 650 | 7 | |a REFRANES |2 CL-VaPUC |9 373405 | |
| 651 | 7 | |a CHILE |2 CL-VaPUC |9 542758 | |
| 583 | |a last modification |c 20091109 00:00:00 |k Rodrigo Vera | ||
| 999 | |c 337234 |d 337232 | ||